Copyright and the 'idea/expression dichotomy" (Record no. 68310)

MARC details
000 -LEADER
fixed length control field 00913cam a2200205 4500
001 - CONTROL NUMBER
control field X114655
008 - FIXED-LENGTH DATA ELEMENTS--GENERAL INFORMATION
fixed length control field 010920n2001 000 0 eng u
035 ## - SYSTEM CONTROL NUMBER
System control number (Sirsi) u114655
100 ## - MAIN ENTRY--PERSONAL NAME
Personal name Stokes, S.
245 ## - TITLE STATEMENT
Title Copyright and the 'idea/expression dichotomy"
260 ## - PUBLICATION, DISTRIBUTION, ETC.
Date of publication, distribution, etc. 2001
490 ## - SERIES STATEMENT
Series statement Art Antiquity and Law
520 ## - SUMMARY, ETC.
Summary, etc. Considers "Designers Guild Ltd v Russell Williams (Textiles)" HL 23 November concerning the copyright infringement of artistic works and the application of the 'idea/expression dictotomy'. Full copy of judgement available on http://www.parliament.the-stationery-office.co.uk/pa/ld199900/ldjudgmt/jd001123/design-1.htm
650 ## - SUBJECT ADDED ENTRY--TOPICAL TERM
Topical term or geographic name entry element DESIGNERS GUILD LTD V RUSSELL WILLIAMS (TEXTILES)
650 ## - SUBJECT ADDED ENTRY--TOPICAL TERM
Topical term or geographic name entry element COPYRIGHT
650 ## - SUBJECT ADDED ENTRY--TOPICAL TERM
Topical term or geographic name entry element ARTISTIC WORK
690 ## - LOCAL SUBJECT ADDED ENTRY--TOPICAL TERM (OCLC, RLIN)
Topical term or geographic name as entry element LAW
856 ## - ELECTRONIC LOCATION AND ACCESS
Uniform Resource Identifier <a href="https://www.parliament.the-stationery-office.co.uk/pa/ld199900/ldjudgmt/jd001123/design-1.htm">https://www.parliament.the-stationery-office.co.uk/pa/ld199900/ldjudgmt/jd001123/design-1.htm</a>
942 ## - ADDED ENTRY ELEMENTS (KOHA)
Suppress in OPAC 0
Holdings
Withdrawn status Lost status Source of classification or shelving scheme Damaged status Not for loan Home library Current library Shelving location Date acquired Total Checkouts Full call number Barcode Date last seen Copy number Price effective from Koha item type
    Dewey Decimal Classification     London London Journal article 20/09/2001   X114655 114655-1001 06/08/2019 1 06/08/2019 Journal article